000 00824nam a2200217Ii 4500
003 JO-AjNU
008 230605s9999||||xx |||||||||||||| ||und||
040 _aJO-AjNU
_bara
_erda
_cJO-AjNU
041 _aara
050 1 4 _aTK159.D37 1995
100 3 _aدرويش، عماد,
_eauthor
_951249
245 0 0 _aالاعمال الكهربائية وتمديدات المياه والاشغال المعدنية، ج4
250 _aط1
264 3 1 _aدمشق :دار دمشق للطباعة 1995
300 _aج4، 208ص
336 _atext
_btxt
_2rdacontent
337 _aunmediated
_bn
_2rdamedia
338 _avolume
_bnc
_2rdacarrier
490 0 _aموسوعة المهن اليدوية الفنية والهندسية
650 4 _aاعمال كهربائية-تمديدات المياه-اشغال معدنية
_951250
999 _aA22625
_c26193
_d26193